NFL OPOY's - Statistics

General Stats
  • This quiz has been taken 544 times
    490 since last reset
  • The average score is 36 of 52
Answer Stats
Hint Team Answer % Correct
2022 Vikings Justin Jefferson
98%
2023 49ers Christian McCaffrey
97%
2021 Rams Cooper Kupp
96%
2020 Titans Derrick Henry
96%
2018 Chiefs Patrick Mahomes
95%
2015 Panthers Cam Newton
94%
2016 Falcons Matt Ryan
94%
2008 Saints Drew Brees
93%
2011 Saints Drew Brees
93%
2019 Saints Michael Thomas
93%
2007 Patriots Tom Brady
93%
2010 Patriots Tom Brady
93%
1991 Bills Thurman Thomas
90%
2017 Rams Todd Gurley
88%
2012 Vikings Adrian Peterson
87%
1987 49ers Jerry Rice
87%
1993 49ers Jerry Rice
87%
2004 Colts Peyton Manning
86%
2013 Colts Peyton Manning
86%
2006 Chargers LaDanian Tomlinson
83%
1994 Lions Barry Sanders
82%
1997 Lions Barry Sanders
82%
1990 49ers Joe Montana
82%
1992 49ers Steve Young
79%
1995 Packers Brett Favre
76%
2009 Titans Chris Johnson
74%
1999 Rams Marshall Faulk
72%
2000 Rams Marshall Faulk
72%
2001 Rams Marshall Faulk
72%
2005 Seahwks Shaun Alexander
72%
1984 Dolphins Dan Marino
69%
1990 Oilers Warren Moon
65%
1973 Bills O.J. Simpson
59%
1996 Broncos Terrell Davis
59%
1998 Broncos Terrell Davis
59%
1977 Bears Walter Payton
59%
2014 Cowboys DeMarco Murray
56%
1986 Rams Eric Dickerson
54%
1976 Colts Bert Jones
52%
2002 Chiefs Priest Holmes
47%
1978 Oilers Earl Campbell
46%
1979 Oilers Earl Campbell
46%
1980 Oilers Earl Campbell
46%
1985 Raiders Marcus Allen
45%
2003 Ravens Jamal Lewis
44%
1975 Vikings Fran Tarkenton
41%
1983 Redskins Joe Theismann
40%
1982 Chargers Dan Fouts
33%
1981 Bengals Ken Anderson
33%
1972 Redskins Larry Brown
31%
1974 Raiders Ken Stabler
27%
1989 49ers Roger Craig
24%
No matching quizzes found
Score Distribution
Percent of People with Each Score
Percentile by Number Answered
Your Score History
You have not taken this quiz since the last reset